000 00581nam a2200205 4500
999 _c2703
_d2703
001 2703
003 BD-JhCC
005 20171106102152.0
008 171106b1997 bg ||||| |||| 00| 0 ben d
035 _a(BD-JhCC)
040 _aBD-JhCC
_dBD-JhCC
041 _aben
082 _a891.443
_bKHA 1997
100 _aখান, রাহাত
245 _aহে মাতঃবঙ্গ /
_cরাহাত খান
260 _aঢাকা :
_bঅন্যপ্রকাশ ;
_c১৯৯৭
300 _a৪৭ পৃ.;
_c২২ cm
650 _aBengali novel
942 _2ddc
_cBK